Todos os Rankings de Valorant - Statistics

Estatísticas Gerais
  • Esse quiz foi jogado 136 vezes
  • A pontuação média é 8 de 9
Estatísticas das Respostas
Rank % Correto
Ouro
100%
Prata
99%
Bronze
98%
Diamante
97%
Ferro
97%
Platina
94%
Radiante
88%
Imortal
84%
Ascendente
82%
Nenhum quiz correspondente encontrado
Distribuição das Pontuações
Porcentagem de Pessoas com Cada Pontuação
Percentil de Números Respondidos
Sua Pontuação Histórica
Você não jogou esse quiz